01130nmc a2200349 a 4500003000900000005001700009008004100026040001300067100001900080245002500099250001200124260003300136300002000169490005900189500005300248500012600301521001500427650001700442650002500459650003100484650001300515650002900528650003500557650001400592650002600606650001300632650002300645653002300668653002700691655001500718700004700733AR-BaBNM20251128203349.0077019s1956 ||||||||||||||000 | spa|| cAR-BaBNM1 aPalma, Ricardo10aTradiciones peruanas a4ª ed. aBuenos AiresbKapeluszc19560 a113 p.bláms. 0aBiblioteca de grandes obras de la literatura universal0 aContiene algunos juicios sobre la obra en p. 1110 aLa Biblioteca de Grandes Obras de la Literatura Universal son textos seleccionados y anotados para su uso en las escuelas aSECUNDARIO 4aROMANTICISMO 4aCONQUISTA DE AMERICA 4aLITERATURA LATINOAMERICANA 4aLEYENDAS 4aCOSTUMBRES Y TRADICIONES 4aANTROPOLOGIA CULTURAL Y SOCIAL 4aMITOLOGIA 4aLITERATURA FOLKLORICA 4aRELIGION 4aHISTORIA AMERICANA 0aLITERATURA PERUANA 0aCULTURAS PRECOLOMBINAS aLITERATURA1 aEstrella Gutiérrez, Fermínecompilador